01336 a2200193 45000010006000000050017000060080041000230030015000640400040000790800057001192450107001760200018002832640029003013000019003305050721003491000026010707000021010967000025011174657420260407155736.0260407a1980 arg spa dAR-UNSa-BCEJYS aAR-UNSa-BCEJYSbspacAR-UNSa-BCEJYS a658.5xPlanificación y control de la producción 10aDirección Técnica y Administración de la producciónpCurso de operaciones de control -Parte 1- a968-18-0983-1 1aMéxico :bLimusac1980 a289 p.c28 cm. aParte I: Conocimiento de las operaciones: 1. Administración de la producción y operaciones relacionadas: Generalidades – 2. La toma de decisiones y la función de producción – 3. Aplicación del concepto de sistemas – 4. Los métodos analíticos – 5. Empleo de los datos de costos para la toma de decisiones – Parte II: Planeación de las operaciones: 6. Sistemas de producción-inventario – 7. Pronóstico e inventarios – 8. Planes y programas globales – Parte III: Programación y control de las operaciones: 9. Programación y control de los sistemas a gran escala – 10. Programación y control de los sistemas intermitentes – 11. El control de calidad – 12. Mantenimiento - 1 aCalvet Perez, Ricardo1 aBuffa, Elwood S.1 aPerez Segui, Enrique